000 00434nam a22001697a 4500
005 20160622153517.0
008 160622b xxu||||| |||| 00| 0 eng d
020 _a81-259-0767-X
041 _aeng
082 _b9249
100 _aChidambaram, K and Alagappan, V
_92522
245 _aBusiness Environment
260 _a New Delhi
_bVikas Publishing House (P) Ltd.
_c2004
300 _a191
650 _aManagement
_9241
942 _cBK
999 _c3585
_d3584